00326nam a22001217a 4500020001800000082001700018100001700035245003500052260003900087300002300126650003900149700001600188 a9781891121210 a623.7464 LYN aLynch, David a Introduction to RF stealth aNew YorkbScitech Publishingc2004 axv, 576p. :e25 cm aLow probability of intercept radar aDavid Lynch